Statistics for Areas of Dublin Quiz

Click here to take the quiz!

General Stats

  • This quiz has been taken 81 times
  • The average score is 10 of 45

Answer Stats

Answer% Correct
Tallaght
63%
Howth
60%
Rathmines
47%
Blackrock
46%
Clontarf
44%
Ballymun
42%
Malahide
42%
Blanchardstown
39%
Finglas
35%
Balbriggan
32%
Drumcondra
32%
Sandymount
30%
Cabra
28%
Coolock
28%
Artane
26%
Rush
26%
Skerries
26%
Clondalkin
25%
Lucan
25%
Lusk
25%
Phibsborough
23%
Sutton
23%
Ballyfermot
21%
Castleknock
21%
Donabate
19%
Portmarnock
19%
East Wall
18%
Glasnevin
18%
Raheny
18%
Killester
16%
City Centre
14%
Sandyford
12%
Ashtown
11%
Santry
11%
Shankill
11%
Baldoyle
9%
Docklands
9%
Clongriffin
7%
Whitehall
7%
Beaumont
4%
Dollymount
4%
Kilbarrack
2%
Park West
2%
Ballymount
0%
Kilnamanagh
0%

Score Distribution

Percentile by Number Answered

Percent of People with Each Score

Your Score History

You have not taken this quiz